000 00421nam a2200169Ia 4500
008 230711s9999||||xx |||||||||||||| ||und||
020 _a978-0-8311-3611-6
041 _aENG
082 _a6.6
_bBA-G
100 _aBachman,David
245 0 _aGrasshopper Visual Scripting for Rhinocers 3D
250 _a1st Ed.
260 _c2017
_aNew York
_bIndustrial Press
300 _a277p.
650 _aArchitecture
942 _cBK
999 _c6470
_d6470